书目信息 |
| 题名: |
卫生类中职体育与健康教程
|
|
| 作者: | 邓婵 , 苏月娥 主编 | |
| 分册: | ||
| 出版信息: | 北京 北京体育大学出版社 2013.07 |
|
| 页数: | 364页 | |
| 开本: | 26cm | |
| 丛书名: | ||
| 单 册: | ||
| 中图分类: | G807.3 , G717.9 | |
| 科图分类: | ||
| 主题词: | 体育--中等专业教育--教材 , 健康教育--中等专业教育--教材 , 体育 , 健康教育 | |
| 电子资源: | ||
| ISBN: | 978-7-5644-1375-0 | |
| 000 | 01099nam0 2200289 450 | |
| 001 | 2338917374 | |
| 005 | 20231215104920.17 | |
| 010 | @a978-7-5644-1375-0@d38.00CNY | |
| 100 | @a20141027d2013 em y0chiy0120 ea | |
| 101 | 0 | @achi |
| 102 | @aCN@b110000 | |
| 105 | @aa z 000yy | |
| 200 | 1 | @a卫生类中职体育与健康教程@Awei sheng lei zhong zhi ti yu yu jian kang jiao cheng@b专著@f邓婵,苏月娥主编 |
| 210 | @a北京@c北京体育大学出版社@d2013.07 | |
| 215 | @a364页@c图@d26cm | |
| 300 | @a全国中等职业教育体育与健康规划教材 广东省卫生类中等职业院校统编教材 | |
| 330 | @a本书分为体育健康理论篇、医体结合职业篇、运动项目技术篇和中华传统养生篇四部分,介绍了现代健康观、体育锻炼的科学方法、运动保健知识、营养与膳食、医疗保健体育、卫生职业体能、田径运动、大球运动、小球运动等内容。 | |
| 606 | 0 | @a体育@x中等专业教育@j教材 |
| 606 | 0 | @a健康教育@x中等专业教育@j教材 |
| 606 | 0 | @a体育 |
| 606 | 0 | @a健康教育 |
| 690 | @aG807.3@v5 | |
| 690 | @aG717.9@v5 | |
| 701 | 0 | @a邓婵@Adeng chan@c(女)@4主编 |
| 701 | 0 | @a苏月娥@Asu yue e@4主编 |
| 801 | 2 | @aCN@b辽宁北配@c20231205 |
| 905 | @aBZT@dG807.3@e2 | |
| 卫生类中职体育与健康教程/邓婵,苏月娥主编.-北京:北京体育大学出版社,2013.07 |
| 364页:图;26cm |
| 全国中等职业教育体育与健康规划教材 广东省卫生类中等职业院校统编教材 |
| ISBN 978-7-5644-1375-0:38.00CNY |
| 本书分为体育健康理论篇、医体结合职业篇、运动项目技术篇和中华传统养生篇四部分,介绍了现代健康观、体育锻炼的科学方法、运动保健知识、营养与膳食、医疗保健体育、卫生职业体能、田径运动、大球运动、小球运动等内容。 |
| ● |
| 相关链接 |
|
|
|
正题名:卫生类中职体育与健康教程
索取号:G807.3/2
 
预约/预借
| 序号 | 登录号 | 条形码 | 馆藏地/架位号 | 状态 | 备注 |
| 1 | 2001613274 | 2001613274 | 辽三/辽宁北配(第三批)/2424/ [索取号:G807.3/2] | 在馆 | |
| 2 | 2001613275 | 2001613275 | 辽三/辽宁北配(第三批)/2424/ [索取号:G807.3/2] | 在馆 | |
| 3 | 2001613276 | 2001613276 | 辽三/辽宁北配(第三批)/2424/ [索取号:G807.3/2] | 在馆 | |
| 4 | 2001613277 | 2001613277 | 辽三/辽宁北配(第三批)/2424/ [索取号:G807.3/2] | 在馆 | |
| 5 | 2001613278 | 2001613278 | 辽三/辽宁北配(第三批)/2424/ [索取号:G807.3/2] | 在馆 | |
| 6 | 2001613279 | 2001613279 | 辽三/辽宁北配(第三批)/2424/ [索取号:G807.3/2] | 在馆 | |
| 7 | 2001613280 | 2001613280 | 辽三/辽宁北配(第三批)/2424/ [索取号:G807.3/2] | 在馆 | |
| 8 | 2001613281 | 2001613281 | 辽三/辽宁北配(第三批)/2424/ [索取号:G807.3/2] | 在馆 | |
| 9 | 2001613282 | 2001613282 | 辽三/辽宁北配(第三批)/2424/ [索取号:G807.3/2] | 在馆 | |
| 10 | 2001613283 | 2001613283 | 辽三/辽宁北配(第三批)/2424/ [索取号:G807.3/2] | 在馆 | |
| 11 | 2001613284 | 2001613284 | 辽三/辽宁北配(第三批)/2424/ [索取号:G807.3/2] | 在馆 | |
| 12 | 2001613285 | 2001613285 | 辽三/辽宁北配(第三批)/2424/ [索取号:G807.3/2] | 在馆 | |
| 13 | 2001613286 | 2001613286 | 辽三/辽宁北配(第三批)/2424/ [索取号:G807.3/2] | 在馆 | |
| 14 | 2001613287 | 2001613287 | 辽三/辽宁北配(第三批)/2424/ [索取号:G807.3/2] | 在馆 | |
| 15 | 2001613288 | 2001613288 | 辽三/辽宁北配(第三批)/2424/ [索取号:G807.3/2] | 在馆 | |
| 16 | 2001613289 | 2001613289 | 辽三/辽宁北配(第三批)/2424/ [索取号:G807.3/2] | 在馆 | |
| 17 | 2001613290 | 2001613290 | 辽三/辽宁北配(第三批)/2424/ [索取号:G807.3/2] | 在馆 | |
| 18 | 2001613291 | 2001613291 | 辽三/辽宁北配(第三批)/2424/ [索取号:G807.3/2] | 在馆 | |
| 19 | 2001613292 | 2001613292 | 辽三/辽宁北配(第三批)/2424/ [索取号:G807.3/2] | 在馆 | |
| 20 | 2001613293 | 2001613293 | 辽三/辽宁北配(第三批)/2424/ [索取号:G807.3/2] | 在馆 | |
| 21 | 2001613294 | 2001613294 | 辽三/辽宁北配(第三批)/2424/ [索取号:G807.3/2] | 在馆 | |
| 22 | 2001613295 | 2001613295 | 辽三/辽宁北配(第三批)/2424/ [索取号:G807.3/2] | 在馆 | |
| 23 | 2001613296 | 2001613296 | 辽三/辽宁北配(第三批)/2424/ [索取号:G807.3/2] | 在馆 | |
| 24 | 2001613297 | 2001613297 | 辽三/辽宁北配(第三批)/2424/ [索取号:G807.3/2] | 在馆 | |
| 25 | 2001613298 | 2001613298 | 辽三/辽宁北配(第三批)/2424/ [索取号:G807.3/2] | 在馆 | |
| 26 | 2001613299 | 2001613299 | 辽三/辽宁北配(第三批)/2424/ [索取号:G807.3/2] | 在馆 | |
| 27 | 2001613300 | 2001613300 | 辽三/辽宁北配(第三批)/2424/ [索取号:G807.3/2] | 在馆 | |
| 28 | 2001613301 | 2001613301 | 辽三/辽宁北配(第三批)/2424/ [索取号:G807.3/2] | 在馆 | |
| 29 | 2001613302 | 2001613302 | 辽三/辽宁北配(第三批)/2424/ [索取号:G807.3/2] | 在馆 | |
| 30 | 2001613303 | 2001613303 | 辽三/辽宁北配(第三批)/2424/ [索取号:G807.3/2] | 在馆 |